Hoa kiểng xương rồng cây mọng nước
Nội dung sách bàn về các họ xương rồng và cây mọng nước. Trong sách co một số thuật ngữ về xương rồng, và viết thêm tiếng anh trong ngoặc để đối chiếu.
Đã lưu trong:
| Príomhúdar: | |
|---|---|
| Formáid: | Leabhar |
| Teanga: | Undetermined |
| Foilsithe: |
Hà Nội
Văn hóa Thông tin
2007
|
| Ábhair: | |
| Clibeanna: |
Cuir Clib Leis
Gan Chlibeanna, Bí ar an gcéad duine leis an taifead seo a chlibeáil!
|
| Thư viện lưu trữ: | Trung tâm Học liệu Trường Đại học Cần Thơ |
|---|
| LEADER | 00825nam a2200205Ia 4500 | ||
|---|---|---|---|
| 001 | CTU_132474 | ||
| 008 | 210402s9999 xx 000 0 und d | ||
| 020 | |c 37000 | ||
| 082 | |a 583.56 | ||
| 082 | |b H307 | ||
| 100 | |a Dương, Ngọc Hiệp | ||
| 245 | 0 | |a Hoa kiểng xương rồng cây mọng nước | |
| 245 | 0 | |c Dương Ngọc Hiệp | |
| 260 | |a Hà Nội | ||
| 260 | |b Văn hóa Thông tin | ||
| 260 | |c 2007 | ||
| 520 | |a Nội dung sách bàn về các họ xương rồng và cây mọng nước. Trong sách co một số thuật ngữ về xương rồng, và viết thêm tiếng anh trong ngoặc để đối chiếu. | ||
| 650 | |a Floriculture,Cactus | ||
| 904 | |i Tuyến | ||
| 980 | |a Trung tâm Học liệu Trường Đại học Cần Thơ | ||